000 00266nam a2200109Ia 4500
008 230907s9999||||xx |||||||||||||| ||und||
082 _a306.2
_bLEG
245 0 _aPolitics and social theory :
260 _aPalgrave,
_bLondon :
_c2017
300 _a184 p.
942 _cBK
999 _c600160
_d600160